Normal view
MARC view
Entry Topical Term
001 - CONTROL NUMBER
- control field: 169
003 - CONTROL NUMBER IDENTIFIER
- control field: OSt
005 - DATE AND TIME OF LATEST TRANSACTION
- control field: 20180722214052.0
008 - FIXED-LENGTH DATA ELEMENTS
- fixed length control field: 180722|| aca||aabn | a|a d
040 ## - CATALOGING SOURCE
- Original cataloging agency: OSt
- Transcribing agency: OSt
150 ## - HEADING--TOPICAL TERM
- Topical term or geographic name entry element: City planning --England --Ipswich (Suffolk)
670 ## - SOURCE DATA FOUND
- Source citation: Work cat.: (OSt)416617: U.K. Her Majesty's Stationery Office 168, Expansion of Ipswich: designation proposals, consultants study of the town in its sub-region, 1966
